Blanco sobre blanco, blanco sin vuelta blanco infinito /
保存先:
| 第一著者: | |
|---|---|
| フォーマット: | テキスト |
| 主題: | |
| タグ: |
タグ追加
タグなし, このレコードへの初めてのタグを付けませんか!
|
MARC
| LEADER | 00000 a a2200000 04500 | ||
|---|---|---|---|
| 001 | 8743 | ||
| 003 | |||
| 040 | |||
| 100 | |a Schumacher, Mario Marcos | ||
| 245 | |a Blanco sobre blanco, blanco sin vuelta blanco infinito / |c Mario Marcos Schumacher | ||
| 650 | |a PSICOANALISIS | ||
| 773 | |g número 12; páginas 81-95 | ||
| 999 | |c 24572 |d 24572 | ||
